Martial, Book IV : a commentary /

This volume is the first comprehensive commentary on the fourth book of Martial's epigrams. The introduction discusses its date of publication, major themes (Domitian, literature, death), the arrangement and form of the epigrams, and some issues concerning the transmission of the text. Of speci...

وصف كامل

محفوظ في:

المؤلف الرئيسي: Moreno Soldevila, Rosario.

مؤلفون آخرون: Martial.

التنسيق: كتاب الكتروني

اللغة: English
Latin

منشور في: Leiden : Brill, 2006.

سلاسل: Mnemosyne, Supplements 278.
Mnemosyne Supplements Online, Volumes 204-407, ISBN: 9789004322288.

الموضوعات:

الوصول للمادة أونلاين: Login to view Source

الوسوم: إضافة وسم

لا توجد وسوم, كن أول من يضع وسما على هذه التسجيلة!

رقم الطلب: PA6501.B4 .M67 2006eb

LEADER 03432cam a2200601Ii 4500
001 BRILL9789047409892
003 nllekb
005 20230529210633.0
006 m d
007 cr un uuuua
008 061130s2006 ne sb 001 0 eng d
010 |z  2006286841 
020 |a 9789047409892  |q (electronic book) 
020 |z 9789004151925  |q (print) 
024 7 |a 10.1163/9789047409892  |2 DOI 
035 |a (OCoLC)290558824  |z (OCoLC)236911824  |z (OCoLC)475417919  |z (OCoLC)568171877  |z (OCoLC)608033487  |z (OCoLC)608867270  |z (OCoLC)722674870  |z (OCoLC)728039793  |z (OCoLC)923613372  |z (OCoLC)961533702  |z (OCoLC)962676435 
040 |a NL-LeKB  |c NL-LeKB  |e rda 
041 1 |a eng  |a lat  |h lat 
050 4 |a PA6501.B4  |b .M67 2006eb 
072 7 |a PA  |2 lcco 
072 7 |a FOR  |x 016000  |2 bisacsh 
072 7 |a DSBB  |2 bicssc 
072 7 |a LIT011000  |2 bisacsh 
082 0 4 |a 878  |2 22 
100 1 |a Moreno Soldevila, Rosario. 
245 1 0 |a Martial, Book IV :  |b a commentary /  |c by Rosario Moreno Soldevila. 
246 3 |a Martial, Book 4 
246 3 |a Martial, Book four 
264 1 |a Leiden :  |b Brill,  |c 2006. 
300 |a 1 online resource (x, 618 pages) 
336 |a text  |b txt  |2 rdacontent 
337 |a computer  |b c  |2 rdamedia 
338 |a online resource  |2 rdacarrier 
490 1 |a Mnemosyne, bibliotheca classica Batava. Supplementum,  |x 0169-8958 ;  |v 278 
504 |a Includes bibliographical references and indexes. 
505 0 0 |t Preliminary Material --   |t INTRODUCTION --   |t TEXT AND TRANSLATION --   |t COMMENTARY --   |t BIBLIOGRAPHY --   |t GENERAL INDEX --   |t INDEX NOMINVM --   |t INDEX VERBORVM --   |t INDEX LOCORVM --   |t SUPPLEMENTS TO MNEMOSYNE /  |r H. Pinkster , H.S. Versnel , I.J.F. de Jong and P.H. Schrijvers. 
506 |a Available to subscribing member institutions only. 
520 |a This volume is the first comprehensive commentary on the fourth book of Martial's epigrams. The introduction discusses its date of publication, major themes (Domitian, literature, death), the arrangement and form of the epigrams, and some issues concerning the transmission of the text. Of special note is the author's study of the structure of the book. The commentary, preceded by the Latin critical text and an English translation, aims to provide readers with as much pertinent information as possible to enable them to fully comprehend the epigrams. Attention is paid to style and literary tradition, as well as to realia. Both each individual epigram and the book as a whole are studied as finely accomplished works of art. 
546 |a In Latin and English, translated from Latin. 
559 4 |a PA6501.B4 .M67 2006eb 
600 0 0 |a Martial.  |t Epigrammata.  |n Liber 4. 
630 0 7 |a Epigrammata (Martial)  |2 fast 
650 0 |a Epigrams, Latin  |x History and criticism. 
650 7 |a Epigrams, Latin.  |2 fast 
655 7 |a Criticism, interpretation, etc.  |2 fast 
700 0 2 |a Martial.  |t Epigrammata.  |n Liber 4.  |l English & Latin. 
776 0 8 |i Print version:  |a Moreno Soldevila, Rosario.  |t Martial, Book IV.  |d Leiden : Brill, 2006  |w (DLC) 2006286841 
830 0 |a Mnemosyne, Supplements  |v 278. 
830 0 |a Mnemosyne Supplements Online, Volumes 204-407, ISBN: 9789004322288. 
856 4 |z DOI:   |u http://dx.doi.org/10.1163/9789047409892 
942 |2 lcc  |c EBOOK 
952 |0 0  |1 0  |2 lcc  |4 0  |6 PA6501 B4 M67 02006EB  |7 1  |9 48010  |a BRILL  |b BRILL  |d 2023-05-29  |l 0  |o PA6501.B4 .M67 2006eb  |r 2023-05-29 00:00:00  |w 2023-05-29  |y EBOOK 
999 |c 53354  |d 53354